|
|
|
|
| LEADER |
00000nam0a2200000 4500 |
| 001 |
37883 |
| 005 |
20231031004515.0 |
| 010 |
|
|
|a 5283000729
|
| 035 |
|
|
|a (RuTPU)RU\TPU\book\38476
|
| 090 |
|
|
|a 37883
|
| 100 |
|
|
|a 20020204d1990 km y0rusy50 ca
|
| 101 |
0 |
|
|a rus
|
| 102 |
|
|
|a RU
|
| 105 |
|
|
|a a z 001zy
|
| 200 |
1 |
|
|a Дроссельно-регулирующая арматура ТЭС и АЭС
|f Э. Е. Благов, Б. Я. Ивницкий
|
| 210 |
|
|
|a Москва
|c Энергоатомиздат
|d 1990
|
| 215 |
|
|
|a 288 с.
|c ил.
|
| 320 |
|
|
|a Библиогр.: с. 282-286.
|
| 610 |
1 |
|
|a электрические станции
|
| 610 |
1 |
|
|a Тэс
|
| 610 |
1 |
|
|a АЭС
|
| 610 |
1 |
|
|a трубопроводы
|
| 610 |
1 |
|
|a дроссельно-регулирующая арматура
|
| 610 |
1 |
|
|a конструкции
|
| 610 |
1 |
|
|a расчет
|
| 610 |
1 |
|
|a шум
|
| 610 |
1 |
|
|a вибрации
|
| 610 |
1 |
|
|a регулирование
|
| 675 |
|
|
|a 621.311.002.5:621.183
|v 3
|
| 675 |
|
|
|a 621.311.25:621.039.002.5
|v 3
|
| 700 |
|
1 |
|a Благов
|b Э. Е.
|g Эдуард Евгеньевич
|
| 701 |
|
1 |
|a Ивницкий
|b Б. Я.
|g Борис Яковлевич
|
| 801 |
|
1 |
|a RU
|b 63413507
|c 20020204
|g PSBO
|
| 801 |
|
2 |
|a RU
|b 63413507
|c 20200916
|g PSBO
|
| 900 |
|
|
|a Энергооборудование ядерных энергетических установок
|
| 900 |
|
|
|a Средства автоматизации и приборы контроля химического производства
|
| 942 |
|
|
|c BK
|